000 00615nam a2200205 a 4500
001 000011574
005 20250120084525.0
008 091021s1959 dr 000 d spa d
040 _aDO-SdBNP
_bspa
_cBNPHU
082 _aRD862.44
_bA958m
100 1 _aAvilés Blonda, Máximo,
_d1931-1988
_97914
245 1 4 _aLas manos vacias /
_cMáximo Avilés Blonda.
260 _aCiudad Trujillo, República Dominicana :
_bArte y Cine,
_c1959.
300 _a100 p. ;
_c22 cm.
490 1 _aArquero
650 0 _aTeatro dominicano
_9637
650 0 _aLiteratura dominicana.
_967
830 0 _aArquero
_922890
049 _aBNPD
999 _c11269
_d11269